LEADER 01793nam 2200577 a 450 001 9910782149403321 005 20230828233628.0 010 $a1-281-74452-2 010 $a9786611744526 010 $a0-88132-475-2 010 $a1-4356-5803-5 035 $a(CKB)1000000000536545 035 $a(OCoLC)290589048 035 $a(CaPaEBR)ebrary10235170 035 $a(SSID)ssj0000136390 035 $a(PQKBManifestationID)11162439 035 $a(PQKBTitleCode)TC0000136390 035 $a(PQKBWorkID)10082880 035 $a(PQKB)10759109 035 $a(MiAaPQ)EBC3385482 035 $a(Au-PeEL)EBL3385482 035 $a(CaPaEBR)ebr10235170 035 $a(CaONFJC)MIL174452 035 $a(EXLCZ)991000000000536545 100 $a20060522d2006 uy 0 101 0 $aeng 135 $aurcn||||||||| 181 $ctxt 182 $cc 183 $acr 200 10$aDelivering on Doha$b[electronic resource] $efarm trade and the poor /$fKimberly Ann Elliott 210 $aWashington, D.C. $cCenter for Global Development $cInstitute for International Economics$dc2006 215 $a1 online resource (165 p.) 300 $aBibliographic Level Mode of Issuance: Monograph 311 $a0-88132-392-6 320 $aIncludes bibliographical references (p. 137-141) and index. 606 $aProduce trade$xGovernment policy 606 $aCommercial policy 606 $aPoverty$zDeveloping countries 615 0$aProduce trade$xGovernment policy. 615 0$aCommercial policy. 615 0$aPoverty 676 $a382/.41 700 $aElliott$b Kimberly Ann$f1960-$0128773 801 0$bMiAaPQ 801 1$bMiAaPQ 801 2$bMiAaPQ 906 $aBOOK 912 $a9910782149403321 996 $aDelivering on Doha$93784067 997 $aUNINA LEADER 00999nam a2200277 i 4500 001 991002099149707536 005 20241113111825.0 008 010704s1969 it er ||1 | ita 035 $ab10959087-39ule_inst 035 $aPARLA154495$9ExL 040 $aDip.to Filosofia$bita$dSocioculturale Scs 041 0 $aita 082 04$a321.86$223 100 1 $aScalfari, Eugenio$0119131 245 12$aL'autunno della repubblica :$bla mappa del potere in Italia /$cEugenio Scalfari 260 $aMilano :$bETAS Kompass,$c1969 300 $a209 p. ;$c21 cm 490 1 $aNuova collana di saggi ;$v29 650 4$aRepubblica$zItalia$y1950-1970 830 0$aNuova collana di saggi ;$v29 907 $a.b10959087$b23-02-17$c28-06-02 912 $a991002099149707536 945 $aLE005IF XVII B 11$g1$iLE005IFA-4248 bis$lle005$o-$pE0.00$q-$rl$s-$t0$u0$v0$w0$x0$y.i11068000$z28-06-02 996 $aAutunno della repubblica$9863881 997 $aUNISALENTO 998 $ale005$b01-01-01$cm$da$e-$fita$git$h2$i1